00248nam a22000857a 4500008004100000082001600041100001900057245007700076300000900153230629b xxu||||| |||| 00| 0 eng d a334.09bHUX cElspeth Huxley aNo Easy WaybA History of the Kenya Farmers Association and Unga Limited a225p